|
|
|
|
| LEADER |
01235nam a2200301 i 4500 |
| 001 |
27983 |
| 003 |
BD-DhAAL |
| 005 |
20140423142223.0 |
| 008 |
140323s2011 bg b 001 0 eng d |
| 010 |
|
|
|a 2011321722
|
| 020 |
|
|
|a 9789845060172
|
| 040 |
|
|
|a DLC
|b eng
|c DLC
|d DLC
|d BD-DhAAL
|e rda
|
| 041 |
|
|
|a eng
|
| 050 |
0 |
0 |
|a JC599.S64
|b K43 2011
|
| 082 |
|
|
|2 23
|a 323.0954
|
| 100 |
1 |
|
|a Khan, Abdur Rob.
|9 4297
|
| 245 |
1 |
0 |
|a Human security index for South Asia :
|b exploring relevant issues /
|c Abdur Rob Khan, A.K.M. Abdus Sabur.
|
| 260 |
|
|
|a Dhaka :
|b Bangladesh Institute of International and Strategic Studies :
|b The University Press Limited,
|c 2011.
|
| 300 |
|
|
|a xiv, 126 pages ;
|c 22 cm.
|
| 490 |
0 |
|
|a South Asia human security series
|
| 504 |
|
|
|a Includes bibliographical references (pages 113-120) and index.
|
| 541 |
|
|
|e 27983
|
| 650 |
|
0 |
|a Human security
|z South Asia.
|9 4298
|
| 700 |
1 |
|
|a Abdus Sabur, A. K. M.
|9 4299
|
| 710 |
2 |
|
|a Bangladesh Institute of International and Strategic Studies.
|9 2848
|
| 942 |
|
|
|2 ddc
|c BK
|
| 999 |
|
|
|c 14295
|d 14295
|
| 952 |
|
|
|0 0
|1 0
|2 ddc
|4 0
|6 323_095400000000000_KHA
|7 0
|9 24179
|a IGS
|b IGS
|c GEN
|d 2014-04-23
|e The University Press Limited
|g 320.00
|l 0
|o 323.0954 KHA
|p 3010027983
|r 2014-04-23
|t 1
|w 2014-04-23
|y BK
|